David Eddings Bibliography - Statistics

General Stats
  • This quiz has been taken 27 times
  • The average score is 12 of 27
Answer Stats
Type Year Name % Correct
Novel 1982 Pawn of Prophecy
87%
Novel 1997 Polgara the Sorceress
78%
Novel 1984 Enchanters' End Game
74%
Novel 1995 Belgarath the Sorcerer
70%
Novel 1983 Magician's Gambit
70%
Novel 1991 The Seeress of Kell
70%
Novel 1988 Demon Lord of Karanda
65%
Novel 1988 King of the Murgos
65%
Novel 1989 Sorceress of Darshiva
61%
Novel 1982 Queen of Sorcery
57%
Novel 1987 Guardians of the West
52%
Novel 1984 Castle of Wizardry
43%
Novel 1989 The Diamond Throne
43%
Novel 1990 The Ruby Knight
39%
Novel 1973 High Hunt
35%
Novel 2003 The Elder Gods
35%
Companion Book 1998 The Rivan Codex
35%
Novel 1991 The Sapphire Rose
35%
Novel 1993 The Shining Ones
30%
Novel 1992 Domes of Fire
26%
Novel 1994 The Hidden City
22%
Novel 2000 The Redemption of Althalus
22%
Novel 2006 The Younger Gods
22%
Novel 1992 The Losers
17%
Novel 2005 Crystal Gorge
13%
Novel 2002 Regina's Song
13%
Novel 2004 The Treasured One
13%
No matching quizzes found
Score Distribution
Percent of People with Each Score
Percentile by Number Answered
Your Score History
You have not taken this quiz